| 000 | 00730cam a22002411 4500 | ||
|---|---|---|---|
| 001 | sg 46000173 | ||
| 003 | DLC | ||
| 005 | 20260227112749.0 | ||
| 008 | 810725m19461946xx b 000 0 eng | ||
| 010 | _asg 46000173 | ||
| 035 | _a(OCoLC)14748791 | ||
| 040 |
_aDLC _cDNLM _dDLC |
||
| 042 | _apremarc | ||
| 050 | 0 | 0 |
_aRS61 _b.C57 |
| 060 | 0 |
_aQV 11 _bJA1 C6h 1946 |
|
| 100 | 1 | _aColle, Henry. | |
| 245 | 1 | 0 |
_aHeritage of pharmacy in Asia, _cby Henry Colle ... |
| 260 |
_a[San Francisco?] _cc1946. |
||
| 300 | _a2 v. in 1. | ||
| 500 | _aType-written. | ||
| 504 | _aIncludes bibliographies. | ||
| 505 | 0 | _aContents.--v. 1. India, Persia, and the Islamic world (Arabia)--v. 2. China, Russia, Japan, Korea, the Dutch East Indies. | |
| 999 |
_c90782 _d90782 |
||